Úloha reforiem hospodárskeho mechanizmu pri formovaní čínskeho trhu.
Dynamický rozvoj vnútorného trhu spotrebného tovaru a služieb. Údaje o prestavbe sociálnej štruktúry v čínskom obchode. Posilňovanie riadenia trhu pre zabezpečenie plynulého rozvíjania ekonomickej reformy. Rozvoj kooperácie a špecializácie na základe horizontálnych štruktúr.
Salvato in:
| Autore principale: | |
|---|---|
| Natura: | Capitolo di libro |
| Lingua: | slovacco |
| Soggetti: | |
| Tags: |
Nessun Tag, puoi essere il primo ad aggiungerne!!
|
MARC
| LEADER | 00000naa a2200000 4500 | ||
|---|---|---|---|
| 001 | r003507 | ||
| 005 | 20221125075756.3 | ||
| 041 | 0 | |a slo | |
| 044 | |a [CS] | ||
| 245 | 1 | 0 | |a Úloha reforiem hospodárskeho mechanizmu pri formovaní čínskeho trhu. |c J. Lipták |
| 520 | |a Dynamický rozvoj vnútorného trhu spotrebného tovaru a služieb. Údaje o prestavbe sociálnej štruktúry v čínskom obchode. Posilňovanie riadenia trhu pre zabezpečenie plynulého rozvíjania ekonomickej reformy. Rozvoj kooperácie a špecializácie na základe horizontálnych štruktúr. | ||
| 610 | 2 | 0 | |a reformy hospodárske |
| 610 | 2 | 0 | |a mechanizmus hospodársky |
| 610 | 2 | 0 | |a trh vnútorný |
| 610 | 2 | 0 | |a tovar spotrebný |
| 610 | 2 | 0 | |a Čína |
| 610 | 2 | 0 | |a sila kúpna obyvateľstva |
| 610 | 2 | 0 | |a maloobchod |
| 610 | 2 | 0 | |a prostriedky výrobné |
| 100 | 1 | |a Lipták, J. | |